| 000 | 00888nam a22002177a 4500 | ||
|---|---|---|---|
| 001 | EIF-II-1995-M4-007 | ||
| 003 | OSt | ||
| 005 | 20230109151209.0 | ||
| 008 | 221031b |||||||| |||| 00| 0 eng d | ||
| 040 | _cFundación Jesús Pereda | ||
| 041 | _aCastellano | ||
| 100 |
_aIglesias Rodríguez, Gema _9170 |
||
| 111 |
_992 _aEncuentro de Investigadores del Franquismo _c(Alicante. _d1995. _n2º) |
||
| 245 |
_aLa propaganda política durante la Guerra civil española: _bintroducción al estudio en la España franquista _c/Gema Iglesias Rodriguez |
||
| 650 | 0 |
_9109 _aGuerra civil |
|
| 650 | 0 |
_9161 _aMedios de comunicación |
|
| 650 | 0 |
_9153 _aIdeología política |
|
| 773 |
_tActas del II Encuentro de Investigadores del Franquismo. Tomo 2 _g175-180 p. |
||
| 856 | _uhttps://bibliotecaccoocyl.fundacionjesuspereda.es/cgi-bin/koha/opac-retrieve-file.pl?id=e9a9f8e385f428774df392f9697f5bd1 | ||
| 942 |
_2ddc _cCF _n0 |
||
| 999 |
_c48 _d48 |
||